| 000 | 01009nam a2200241 i 4500 | ||
|---|---|---|---|
| 001 | 6169 | ||
| 003 | ES-MaACL | ||
| 005 | 20230906144822.0 | ||
| 007 | t| | ||
| 008 | 890822s1988 sp a c |||| | spa d | ||
| 020 | _a84-505-7692-X | ||
| 080 | _a76.036(437)(064.3) | ||
| 245 | 0 | 0 |
_aArte gráfico checoslovaco, 1945-1986 : _bcolecciones de la Galería Nacional de Praga y de la Galería Nacional Eslovaca de Bratislava : [exposición] Real Academia de Bellas Artes de San Fernando, Sala de la Calcografía Nacional, 21 de junio-24 de julio de 1988. |
| 260 |
_aMadrid : _bCentro Nacional de Exposiciones, _c[1988] |
||
| 300 |
_a95 p. : _bprincipalmente il. ; _c28 cm. |
||
| 650 | 4 |
_aGrabado checoslovaco- _vExposiciones. _9162653 |
|
| 655 | 7 |
_2tgfbne _9193628 _aCatálogos de exposiciones |
|
| 710 | 2 |
_aReal Academia de Bellas Artes de San Fernando. _96291 |
|
| 710 | 2 |
_aCentro Nacional de Exposiciones (España) _93709 |
|
| 852 |
_aES-MaACL _jL-13339 |
||
| 942 | _2udc | ||
| 999 |
_c6169 _d6169 |
||